A través del tiempo

Збережено в:
Бібліографічні деталі
Автор: Weiss, Brian (Автор)
Формат: Книга
Мова:Іспанська
Опубліковано: Barcelona Ediciones B 1995
Редагування:1a. ed
Серія:Biblioteca de Bolsillo, 18
Предмети:
Теги: Додати тег
Немає тегів, Будьте першим, хто поставить тег для цього запису!

MARC

LEADER 00000cam a2200000 a 4500
001 UCG8882
003 CL-VaPUC
008 120106e19950000SP |||||||||||||||||spa|d
020 |a 8440660723 
082 0 4 |a 155  |b WEI  |2 21 
100 0 |a Weiss, Brian  |e author  |9 560139 
245 1 0 |a A través del tiempo 
250 |a 1a. ed 
300 |a 296 p 
942 |c BK 
945 |d 20120106 00:00:00  |a dcastane 
260 |a Barcelona  |b Ediciones B  |c 1995 
650 7 |a PSICOLOGIA DIFERENCIAL  |2 CL-VaPUC  |9 309027 
650 0 |a Psicología del desarrollo  |9 307541 
583 |a last modification  |c 20130106 10:10:41  |k Rodrigo Vera 
490 0 |a Biblioteca de Bolsillo, 18 
999 |c 346469  |d 346467 
952 |0 0  |1 0  |4 0  |6 155_000000000000000_WEI_1995  |7 0  |8 C  |9 447161  |a BIBCUR  |b BIBCUR  |d 2019-11-22  |i 4794974  |l 4  |m 2  |o 155 WEI 1995  |p 4794974  |r 2025-04-22  |s 2025-01-09  |w 2019-11-22  |y BK  |k CAC